Proces rozhodovania o nákupe informačno-komunikačných technológií v malom a strednom podniku bakalárska práca

Gespeichert in:
Bibliographische Detailangaben
1. Verfasser: Eiseltová, Dominika
Körperschaft: Fakulta podnikového manažmentu EU. Katedra informačného manažmentu
Weitere Verfasser: Hamranová, Anna, 1957-
Format: Buch
Sprache:Slowakisch
Veröffentlicht: Bratislava 2011
Tags: Tag hinzufügen
Keine Tags, Fügen Sie das erste Tag hinzu!

MARC

LEADER 00000nbm a2200000 4500
001 0131389
005 20161109111422.1
041 0 |a slo 
044 |a SK 
245 1 0 |a Proces rozhodovania o nákupe informačno-komunikačných technológií v malom a strednom podniku  |b bakalárska práca  |c Dominika Eiseltová ; školiteľ: Anna Hamranová 
264 1 |a Bratislava  |c 2011 
300 |a 38 s. 
100 1 |a Eiseltová, Dominika 
700 1 |a Hamranová, Anna, 1957- 
710 2 |a Fakulta podnikového manažmentu EU. Katedra informačného manažmentu